1411 1815 1360 1927 1337 1544 1527 1232 1282 1213 1330 1670 1463 1543 1674 1191 1310 1861 1515 1780 1763 1345 1530 1614 1483 1496 1326 1601 1733 1917 1484 1493 1113 1465 1140 1480 1568 1193 1401 1910 1633 1698 1572 1749 1442 1712 1773 1721 1559 1514 1430 1603 1819 1095 1603 1104 1410 1195 1100 1286 1610 1468 1203 1268 1374 1462 1776 1802 1860 1815 1903 1699 1721 1294 1839 1362 1579 1831 1018 1545 1883 1196 1070 1252 1896 1393 1986 1111 1987 1527 1987 1273 1719 1348 1203 1129 1900 1744 1324 BCNSPRNW ULIB Ver.6.0+V

เปลี่ยนเป็นภาษาไทย

Change to English
 แสดงรายละเอียดบรรณานุกรม
  กลับหน้าหลัก

Brief Record : Get Marc (ISO 2709) : E-mail record : QR code < ปิดหน้าต่าง
LEADER : 00000nam 2200000uu 4500
001    13399119998
003     ULIB
008    120821s2555||||th 000 0 tha d
020    ^a9786165514576(ล.4)
060 04 ^aWL100^bณ259B ล.4
245 00 ^aBasic and clinical neuroscience 4 /^cบรรณาธิการ, ชัยภัทร ชุณหรัศมิ์, ณัฐ พสุธารชาติ, อรอุมา ชิติเนตร และนิจศรี ชาญณรงค์
250    ^aพิมพ์ครั้งที่ 1
260    ^aกรุงเทพฯ :^bสาขาวิชาประสาทวิทยา ภาควิชาอายุรศาสตร์คณะแพทยศาสตร์ จุฬาลงกรณ์มหาวิทยาลัย,^c2555
300    ^a464 หน้า :^bภาพประกอบ ;^c26 ซม.
650  7 ^aประสาทวิทยา
650  7 ^aประสาทวิทยาศาสตร์
700 0  ^aณัฐ พสุธารชาติ,^eบรรณาธิการ
700 0  ^aชัยภัทร ชุณหรัศมิ์,^eบรรณาธิการ
700 0  ^aอรอุมา ชุติเนตร,^eบรรณาธิการ
700 0  ^aนิจศรี ชาญณรงค์,^eบรรณาธิการ
710 2  ^aจุฬาลงกรณ์มหาวิทยาลัย. ^bคณะแพทยศาสตร์.^bภาควิชาอายุรศาสตร์. ^bสาขาวิชาประสาทวิทยา
945    ^p490^l0^i19295
995    ^aเกษร
999 ^a ใช้งานได้ทุกระบบ
รายการนี้ยังไม่มีแท็ก
คุณยังไม่ได้ล็อกอิน คุณสามารถมีกิจกรรมร่วมกับเว็บไซต์ได้ แต่ต้องล็อกอินก่อน ::
  ล็อกอิน

รายการสื่อสารสนเทศ

ลำดับที่ ประเภท เลขเรียก/บาร์โค้ด สถานที่ สถานะ
1. วิทยาศาสตร์การแพทย์ และสุขภาพ
วิทยาศาสตร์การแพทย์ และสุขภาพ
สถานะ=หนังสือเก่า
WL100 ณ259B ล.4 ฉ.1 
  Barcode: 19295
ห้องสมุดวิทยาเขตนครสวรรค์
►ส่วนจัดเก็บหนังสือเก่า นว.
บนชั้น
  ขอยืม

รายการใกล้เคียง
    หัวเรื่อง [ประสาทวิทยา]
    หัวเรื่อง [ประสาทวิทยาศาสตร์]

BibComment


ยังไม่เคยถูกคอมเมนท์

คอมเมนท์ทรัพยากรรายการนี้
  คอมเมนท์: Basic and clinic..


 Copyright 2026. Bcnsprnw @Library